<?xml version="1.0" encoding="UTF-8"?>
<record
    xmlns:xsi="http://www.w3.org/2001/XMLSchema-instance"
    xsi:schemaLocation="http://www.loc.gov/MARC21/slim http://www.loc.gov/standards/marcxml/schema/MARC21slim.xsd"
    xmlns="http://www.loc.gov/MARC21/slim">

  <leader>00643nam a2200169Ia 4500</leader>
  <controlfield tag="008">220531s9999    xx            000 0 und d</controlfield>
  <datafield tag="041" ind1=" " ind2=" ">
    <subfield code="a">eng</subfield>
  </datafield>
  <datafield tag="100" ind1=" " ind2=" ">
    <subfield code="a">&#x915;&#x941;&#x932;&#x915;&#x930;&#x94D;&#x923;&#x940;, &#x905;&#x928;&#x941;&#x930;&#x93E;&#x927;&#x93E; &#x906;&#x923;&#x93F; &#x92A;&#x91F;&#x935;&#x930;&#x94D;&#x927;&#x928;, &#x905;&#x91C;&#x940;&#x924; &#x938;&#x902;&#x92A;&#x93E;.</subfield>
    <subfield code="9">75940</subfield>
  </datafield>
  <datafield tag="245" ind1=" " ind2=" ">
    <subfield code="a">&#x936;&#x94D;&#x930;&#x940;&#x92E;&#x928; &#x92E;&#x939;&#x93E;&#x938;&#x93E;&#x927;&#x942; &#x936;&#x94D;&#x930;&#x940;&#x92E;&#x94B;&#x930;&#x92F;&#x93E; &#x917;&#x94B;&#x938;&#x93E;&#x935;&#x940; &#x92F;&#x93E;&#x902;&#x928;&#x93E; &#x92E;&#x93F;&#x933;&#x93E;&#x932;&#x947;&#x932;&#x940; &#x938;&#x928;&#x926;&#x93E;&#x92A;&#x924;&#x94D;&#x930;&#x947;</subfield>
  </datafield>
  <datafield tag="250" ind1=" " ind2=" ">
    <subfield code="a">1ST</subfield>
  </datafield>
  <datafield tag="260" ind1=" " ind2=" ">
    <subfield code="a">Pune</subfield>
    <subfield code="b">Chinchwad Devasthan Trust</subfield>
    <subfield code="c">2014</subfield>
  </datafield>
  <datafield tag="300" ind1=" " ind2=" ">
    <subfield code="a">314</subfield>
  </datafield>
  <datafield tag="542" ind1=" " ind2=" ">
    <subfield code="d">17-03-2016</subfield>
  </datafield>
  <datafield tag="650" ind1=" " ind2=" ">
    <subfield code="a">History</subfield>
    <subfield code="9">75941</subfield>
  </datafield>
  <datafield tag="906" ind1=" " ind2=" ">
    <subfield code="d">2015-2016</subfield>
    <subfield code="f">8743</subfield>
  </datafield>
  <datafield tag="999" ind1=" " ind2=" ">
    <subfield code="c">42199</subfield>
    <subfield code="d">42199</subfield>
  </datafield>
  <datafield tag="952" ind1=" " ind2=" ">
    <subfield code="0">0</subfield>
    <subfield code="1">0</subfield>
    <subfield code="2">ddc</subfield>
    <subfield code="4">0</subfield>
    <subfield code="7">0</subfield>
    <subfield code="8">HISTORY</subfield>
    <subfield code="a">SSMM</subfield>
    <subfield code="b">SSMM</subfield>
    <subfield code="d">2016-03-17</subfield>
    <subfield code="e">Kulkarni Anuradha</subfield>
    <subfield code="g">600.00</subfield>
    <subfield code="l">0</subfield>
    <subfield code="n">1</subfield>
    <subfield code="o">/25336</subfield>
    <subfield code="p">SSMM-BK-25336</subfield>
    <subfield code="r">2022-08-06 00:00:00</subfield>
    <subfield code="v">600.00</subfield>
    <subfield code="w">2022-08-06</subfield>
    <subfield code="y">BK</subfield>
    <subfield code="z">010025336</subfield>
  </datafield>
</record>
